[Event "Helsingor Xtracon op"]
[Site "Helsingor"]
[Date "2017.07.27"]
[Round "7"]
[White "Gelders, Marte"]
[Black "Gade, Jens"]
[Result "1-0"]
[WhiteElo "1159"]
[BlackElo "1523"]
[PlyCount "71"]
[EventDate "2017.07.22"]
[EventType "swiss"]
[EventRounds "10"]
[EventCountry "DEN"]
[SourceTitle "CBM 179 Extra"]
[Source "ChessBase"]
[SourceDate "2017.08.23"]
[SourceVersion "1"]
[SourceVersionDate "2017.08.23"]
[SourceQuality "1"]

1. d4 d5 2. Nf3 Nf6 3. e3 e6 4. Bd3 Be7 5. 0-0 0-0 6. Nbd2 c5 7. b3 cxd4 8. exd4 b6 9. Bb2 Ba6 10. c4 dxc4 11. Bxc4 Bb7 12. Re1 Nd5 13. Ne4 Ba6 14. Ne5 Bb4 15. Re2 b5 16. Bd3 f6 17. Nf3 Nd7 18. a3 Be7 19. Rc2 Qb6 20. Rac1 Rac8 21. b4 Rxc2 22. Rxc2 Rc8 23. Bc1 Rxc2 24. Qxc2 Bb7 25. Nc5 Nxc5 26. dxc5 Qc6 27. Bxh7+ Kh8 28. Be4 Qc7 29. Nd4 Qe5 30. c6 Bc8 31. Nxb5 f5 32. Nxa7 Nb6 33. Nxc8 Nxc8 34. Bd3 Qe1+ 35. Bf1 Kg8 36. Qe2 1-0

[Event "Helsingor Xtracon op"]
[Site "Helsingor"]
[Date "2017.07.23"]
[Round "2"]
[White "Lindgaard, Tobias Simon"]
[Black "Gelders, Marte"]
[Result "1-0"]
[WhiteElo "1705"]
[BlackElo "1159"]
[PlyCount "111"]
[EventDate "2017.07.22"]
[EventType "swiss"]
[EventRounds "10"]
[EventCountry "DEN"]
[SourceTitle "CBM 179 Extra"]
[Source "ChessBase"]
[SourceDate "2017.08.23"]
[SourceVersion "1"]
[SourceVersionDate "2017.08.23"]
[SourceQuality "1"]

1. c4 c5 2. Nc3 e5 3. g3 d6 4. Bg2 Nc6 5. e4 Be6 6. Nge2 Nf6 7. 0-0 Be7 8. d3 Bg4 9. h3 Be6 10. Kh2 Nd4 11. f4 g6 12. fxe5 dxe5 13. Nd5 Nxd5 14. exd5 Bc8 15. Nxd4 cxd4 16. Bh6 Bf8 17. Qf3 f5 18. Bxf8 Rxf8 19. Rae1 Qe7 20. b4 b6 21. d6 Qxd6 22. Qc6+ Qxc6 23. Bxc6+ Bd7 24. Bxa8 b5 25. cxb5 Bxb5 26. Rxe5+ Kd7 27. Rxb5 Rxa8 28. Rd5+ Ke6 29. Rxd4 Ke5 30. Rd7 Rc8 31. Re1+ Kf6 32. Re2 h5 33. Rxa7 Rc3 34. Rd2 g5 35. d4 g4 36. h4 f4 37. Ra6+ Kf5 38. Ra5+ Ke4 39. Re5+ Kf3 40. Rg2 Rc4 41. gxf4 g3+ 42. Rxg3+ Kxf4 43. Rb3 Rxd4 44. Rxh5 Kg4 45. Rh8 Rd2+ 46. Kg1 Rxa2 47. b5 Ra1+ 48. Kf2 Ra7 49. b6 Rb7 50. Rc8 Kxh4 51. Rc7 Rxc7 52. bxc7 Kg5 53. Rf3 Kg4 54. c8Q+ Kg5 55. Qf5+ Kh4 56. Rh3# 1-0